Small states in world politics : explaining foreign policy behavior
Αποθηκεύτηκε σε:
| Άλλοι συγγραφείς: | |
|---|---|
| Μορφή: | Βιβλίο |
| Γλώσσα: | English |
| Δημοσίευση: |
London :
Lynne Rienner,
2003
|
| Θέματα: | |
| Ετικέτες: |
Προσθήκη ετικέτας
Δεν υπάρχουν, Καταχωρήστε ετικέτα πρώτοι!
|
MARC
| LEADER | 00000nam a2200000 i 4500 | ||
|---|---|---|---|
| 001 | 1/64110 | ||
| 008 | 041026s2003 eng d | ||
| 020 | |a 1-55587-943-8 | ||
| 035 | |l 10074949 | ||
| 040 | |a GR-MY-UA |b gre |e aacr | ||
| 041 | 0 | |a eng | |
| 082 | 0 | |a 327.101 | |
| 245 | 1 | 0 | |a Small states in world politics : |b explaining foreign policy behavior / |c edited by Jeanne A.K. Hey |
| 260 | |a London : |b Lynne Rienner, |c 2003 | ||
| 300 | |a 229 p. | ||
| 504 | |a Includes bibliographical references and index | ||
| 650 | 0 | 0 | |a International relations. |
| 650 | 0 | 0 | |a States, Small. |
| 700 | 0 | |a Hey, Jeanne A. K. |4 edt | |
| 852 | |a INST |b RHODES |e 20041026 |h 327.101 SMA |p 005400018283 |q 005400018283 |t BK |y 0 | ||
| 852 | |a INST |b RHODES |e 20041026 |h 327.101 SMA |p 005400018284 |q 005400018284 |t BK |y 0 | ||
| 901 | |a BIBL4-2004-3 | ||
| 909 | |a Ρ |b 110092 | ||
| 909 | |a Ρ |b 110093 | ||
| 920 | |a ΔΙΕΥΡΥΝΣΗ |b ΕΠΕΑΕΚ ΙΙ-ΤΜΣ |y ΡΟΔΟΣ |z 2004-10 | ||
| 970 | |a ΚΟΥΛΑΚΙΟΤΗ |b ΛΙΤΣΑ |z 2004/10/26 | ||